<?xml version="1.0" encoding="UTF-8"?>
<record
    xmlns:xsi="http://www.w3.org/2001/XMLSchema-instance"
    xsi:schemaLocation="http://www.loc.gov/MARC21/slim http://www.loc.gov/standards/marcxml/schema/MARC21slim.xsd"
    xmlns="http://www.loc.gov/MARC21/slim">

  <leader>04354nab a2200313 i 4500</leader>
  <controlfield tag="003">BR-BrBNA</controlfield>
  <controlfield tag="005">20251029162414.0</controlfield>
  <controlfield tag="008">251029b2020    bl.mr|pooa||| 00| 0 eng |</controlfield>
  <datafield tag="040" ind1=" " ind2=" ">
    <subfield code="a">BR-BrBNA</subfield>
    <subfield code="b">eng</subfield>
  </datafield>
  <datafield tag="072" ind1=" " ind2=" ">
    <subfield code="a">F01</subfield>
    <subfield code="b">1623</subfield>
  </datafield>
  <datafield tag="100" ind1=" " ind2=" ">
    <subfield code="a">Soares, Hammady R. e </subfield>
  </datafield>
  <datafield tag="100" ind1=" " ind2=" ">
    <subfield code="a">Silva, &#xCA;nio F. de F. e </subfield>
  </datafield>
  <datafield tag="100" ind1=" " ind2=" ">
    <subfield code="a">Silva, Ger&#xF4;nimo F. da </subfield>
  </datafield>
  <datafield tag="100" ind1=" " ind2=" ">
    <subfield code="a">Cruz, Adiel F. da S. </subfield>
  </datafield>
  <datafield tag="100" ind1=" " ind2=" ">
    <subfield code="a">Santos J&#xFA;nior, Jos&#xE9; A. </subfield>
  </datafield>
  <datafield tag="100" ind1=" " ind2=" ">
    <subfield code="a">Rolim, M&#xE1;rio M. </subfield>
  </datafield>
  <datafield tag="245" ind1=" " ind2=" ">
    <subfield code="a">Salinity and flow rates of nutrient solution on cauliflower biometrics in NFT hydroponic system</subfield>
  </datafield>
  <datafield tag="500" ind1=" " ind2=" ">
    <subfield code="a">Publica&#xE7;&#xE3;o on-line; 22 ref.; 4 illus; 3 tables; Sumaries (En, Pt)</subfield>
  </datafield>
  <datafield tag="520" ind1=" " ind2=" ">
    <subfield code="a">

ABSTRACT: The use of brackish water in hydroponic crops represents an alternative for vegetable production. In this context, two experiments were conducted to evaluate the effect of using brackish water to prepare the nutrient solution and replace the evapotranspired depth, applied at different flow rates, on cauliflower biometrics in NFT (nutrient film technique) hydroponic system. In both experiments, the experimental design was completely randomized with four repetitions, in a 6 x 2 factorial scheme: six levels of water electrical conductivity (ECw) in interaction with two flow rates of nutrient solution application in the hydroponic channels (1.5 and 2.5 L min-1). In Experiment I, brackish waters with different EC (1.5, 2.5, 3.5, 4.5 and 5.5 dS m-1), obtained by the addition of NaCl in public-supply water (0.2 dS m-1), were used. In Experiment II, the chemical characteristics of brackish waters collected in the semiarid region of Pernambuco were simulated, with EC of 1.67, 3.30, 4.71, 5.88 and 13.84 dS m-1, plus the control (0.2 dS m-1). Increasing salinity reduced cauliflower growth. Flow rate of 1.5 L min-1 promoted the best results of shoot fresh and dry masses, leaf area, number of leaves, plant height and shoot diameter. The best water for cauliflower production was publicsupply water and, among the well waters, the best was the calcium sulfate-rich water with EC of 1.67 dS m-1. 

Key words: Brassica oleracea var. botrytis L., hydroponics, horticulture, brackish water </subfield>
  </datafield>
  <datafield tag="520" ind1=" " ind2=" ">
    <subfield code="a">

RESUMO: O uso de &#xE1;guas salobras em cultivos hidrop&#xF4;nicos representa uma alternativa para a produ&#xE7;&#xE3;o de hortali&#xE7;as. Assim, foram conduzidos dois experimentos objetivando avaliar o uso de &#xE1;guas salobras, no preparo da solu&#xE7;&#xE3;o nutritiva e reposi&#xE7;&#xE3;o da l&#xE2;mina evapotranspirada aplicadas em diferentes vaz&#xF5;es na biometria de plantas de couve-flor em sistema hidrop&#xF4;nico NFT (t&#xE9;cnica do fluxo laminar de nutrientes). Nos dois experimentos, o delineamento experimental utilizado foi o inteiramente casualizado com quatro repeti&#xE7;&#xF5;es, em esquema fatorial 6 x 2: seis n&#xED;veis de condutividade el&#xE9;trica da &#xE1;gua (CEa) em intera&#xE7;&#xE3;o com duas vaz&#xF5;es de aplica&#xE7;&#xE3;o da solu&#xE7;&#xE3;o nutritiva nos canais hidrop&#xF4;nicos (1,5 e 2,5 L min-1). No Experimento I utilizaram-se &#xE1;guas salobras com diferentes CE (1,5; 2,5; 3,5; 4,5 e 5,5 dS m-1), obtidos a partir da adi&#xE7;&#xE3;o de NaCl na &#xE1;gua de abastecimento (0,2 dS m-1). No Experimento II foram simuladas as caracter&#xED;sticas qu&#xED;micas das &#xE1;guas salobras coletadas na regi&#xE3;o semi&#xE1;rida de Pernambuco, com CE de 1,67; 3,30; 4,71; 5,88 e 13,84 dS m-1, al&#xE9;m do controle (0,2 dS m-1). O aumento da salinidade reduziu o crescimento da couve-flor. A vaz&#xE3;o de 1,5 L min-1 foi a que proporcionou os melhores resultados para as massas fresca e seca da parte a&#xE9;rea, &#xE1;rea foliar, n&#xFA;mero de folhas, altura de planta e di&#xE2;metro da parte a&#xE9;rea. A melhor &#xE1;gua para a produ&#xE7;&#xE3;o da couve-flor foi a de abastecimento e dentre as de po&#xE7;os, a melhor foi a &#xE1;gua sulfatada c&#xE1;lcica de 1,67 dS m-1. 

Palavras-chave: Brassica oleracea var. botrytis L., hidroponia, horticultura, &#xE1;guas salobras</subfield>
  </datafield>
  <datafield tag="650" ind1=" " ind2=" ">
    <subfield code="a">HORTICULTURA</subfield>
  </datafield>
  <datafield tag="650" ind1=" " ind2=" ">
    <subfield code="a">COUVE-FLOR</subfield>
  </datafield>
  <datafield tag="650" ind1=" " ind2=" ">
    <subfield code="a">CULTIVO HIDROP&#xD4;NICO</subfield>
  </datafield>
  <datafield tag="650" ind1=" " ind2=" ">
    <subfield code="a">&#xC1;GUA SALOBRA</subfield>
  </datafield>
  <datafield tag="773" ind1="0" ind2=" ">
    <subfield code="0">3534</subfield>
    <subfield code="9">317785</subfield>
    <subfield code="d">Campina Grande-PB Universidade Federal de Campina Grande. Centro de Ci&#xEA;ncias e Tecnologia 1997</subfield>
    <subfield code="o">2024-4506</subfield>
    <subfield code="t">Revista Brasileira de Engenharia Agr&#xED;cola e Ambiental (Brazil)</subfield>
    <subfield code="x">1415-4366</subfield>
    <subfield code="g">v. 24 (4) p. 258-265; (2020)</subfield>
    <subfield code="w">BR2025001699</subfield>
  </datafield>
  <datafield tag="856" ind1=" " ind2=" ">
    <subfield code="u">https://www.scielo.br/j/rbeaa/a/jvj6GjHCXg3v9bGmLkrmFHN/?format=pdf&amp;lang=en</subfield>
  </datafield>
  <datafield tag="942" ind1=" " ind2=" ">
    <subfield code="c">ANA</subfield>
  </datafield>
  <datafield tag="999" ind1=" " ind2=" ">
    <subfield code="c">338865</subfield>
    <subfield code="d">338865</subfield>
  </datafield>
</record>
